| Поле | Название | Значение |
| |
Тип записи |
i |
| |
Библиографический уровень |
m |
| 001 |
Контрольный номер |
RU/IS/BASE/556039615 |
| 005 |
Дата корректировки |
20201206205100.6 |
| 010 |
Индекс ISBN |
__ |
| a |
ISBN |
978-5-9677-2502-9 |
| d |
Цена |
295-00 |
| 100 |
Данные общей обработки |
__ |
| a |
Данные общей обработки |
19170814d2016||||||| 0rusy0189 ca |
| 101 |
Язык документа |
1_ |
| a |
Язык текста |
rus |
| c |
Язык оригинала |
fre |
| 102 |
Страна публикации |
__ |
| a |
Страна публикации |
ru |
| 105 |
Кодированные данные (монография) |
__ |
| a |
Кодированные данные (монография) |
nn|||||||f|zy |
| 127 |
Кодированные данные (звукозаписи-физические характеристики) |
__ |
| a |
Продолжительность проигрывания |
11 ч |
| 200 |
Заглавие и сведения об ответственности |
1_ |
| a |
Заглавие |
Клерамбо |
| e |
Сведения, относящиеся к заглавию |
история свободомыслящего человека во время войны : [аудиокнига] |
| f |
Первые сведения об ответственности |
Ромен Роллан ; [перевод с французского: Е. С. Кудашевой, А. А. Франковского ; звукорежиссер А. Борисов ; продюсер Е. Лихачева ; вступительное слово С. Шаргунова ; исполняет Федор Степанов] |
| b |
Общее обозначение материала |
Звукозапись |
| 210 |
Выходные данные |
__ |
| a |
Место издания |
Москва |
| c |
Издательство |
1С-Паблишинг |
| d |
Дата издания |
2016 |
| 215 |
Физическое описание |
__ |
| a |
Объем |
1 электрон. опт. диск (Audio CD) |
| c |
Иллюстрации/тип воспроизводства |
mp3, stereo |
| d |
Формат |
12х14 см |
| 225 |
Серия |
__ |
| a |
Серия |
1С: Аудиокниги |
| 230 |
Специфическая характеристика материала: электронные ресурсы |
__ |
| a |
Обозначение и объем ресурса |
Электронные звуковые данные |
| 300 |
Общие примечания |
__ |
| a |
Общие примечания |
Запись 2016 года |
| 300 |
Общие примечания |
__ |
| a |
Общие примечания |
Заглавие с этикетки диска |
| 323 |
Примечание о главных создателях, исполнителях, участниках |
__ |
| a |
Примечание о главных создателях, исполнителях, участниках |
Степанов, Ф. (читает) |
| 330 |
Аннотация |
__ |
| a |
Аннотация |
Ромен Роллан - выдающийся французский писатель, общественный деятель, учёный-музыковед. С Россией Роллана связывало многое. Он вёл активную переписку с Л. Н Толстым. Приветствовал русскую революцию, но не одобрял её насильственных методов. С 20-х годов общался с А. М. Горьким, получил приглашение в Москву, где встречался и беседовал с И. В. Сталиным. Впоследствии в адресованном вождю письме пытался вступиться за репрессированных, но не получил ответа. В романе "Клерамбо" воспроизводится атмосфера начала Первой мировой войны (1914-1918). Поэт Аженор Клерамбо на волне патриотизма приветствует войну с Германией, но очень скоро наступает прозрение: на фронте гибнет его сын-доброволец. Перейдя на антивоенные позиции, Клерамбо становится изгоем: против него ополчается всё французское общество... Чем закончилась эта драматическая история, вы узнаете, прослушав аудиоверсию романа. |
| 333 |
Примечание о целевом назначении |
__ |
| a |
Примечание о целевом назначении |
16+. Для детей старше 16 лет |
| 337 |
Примечание о системных требованиях (электронные ресурсы) |
__ |
| a |
Примечание о системных требованиях (электронные ресурсы) |
Системные требования: MS Windows ; Pentium 100 ; RAM 16 Mb; CD-ROM; SVGA 800x600; звуковая карта; аудиосистемы с поддержкой MP3 |
| 606 |
Тематические рубрики |
__ |
| a |
Основная рубрика |
Художественная литература |
| 606 |
Тематические рубрики |
__ |
| a |
Основная рубрика |
Литература Европы (произведения) |
| y |
Географическая подрубрика |
Франция |
| 610 |
Ключевые слова |
__ |
| a |
Ключевые слова |
зарубежная литература |
| a |
Ключевые слова |
иностранная литература |
| a |
Ключевые слова |
романы |
| a |
Ключевые слова |
тема войны |
| a |
Ключевые слова |
тема Первой мировой войны |
| a |
Ключевые слова |
французская литература |
| 686 |
Индексы других классификаций |
__ |
| 2 |
Код системы |
rubbks |
| a |
Классификационный индекс |
84(4Фра)6-4я04 |
| 700 |
Автор |
_1 |
| a |
Фамилия |
Роллан |
| b |
Имя |
Р. |
| f |
Даты |
1866-1944 |
| g |
Полное личное имя |
Ромен |
| 4 |
Код отношения |
070 |
| 702 |
Вторичная интеллектуальная ответственность |
_1 |
| a |
Фамилия |
Кудашев |
| b |
Имя |
Е. С. |
| 4 |
Код отношения |
Переводчик |
| 4 |
Код отношения |
730 |
| 702 |
Вторичная интеллектуальная ответственность |
_1 |
| a |
Фамилия |
Франковский |
| b |
Имя |
А. А. |
| 4 |
Код отношения |
Переводчик |
| 4 |
Код отношения |
730 |
| 702 |
Вторичная интеллектуальная ответственность |
_1 |
| a |
Фамилия |
Борисов |
| b |
Имя |
А. |
| 4 |
Код отношения |
Звукорежиссер |
| 4 |
Код отношения |
570 |
| 702 |
Вторичная интеллектуальная ответственность |
_1 |
| a |
Фамилия |
Лихачева |
| b |
Имя |
Е. |
| 4 |
Код отношения |
Продюсер |
| 4 |
Код отношения |
570 |
| 702 |
Вторичная интеллектуальная ответственность |
_1 |
| a |
Фамилия |
Шаргунов |
| b |
Имя |
С. |
| 4 |
Код отношения |
Автор предисловия и т.д. |
| 4 |
Код отношения |
080 |
| 801 |
Источник записи |
_0 |
| a |
Страна |
ru |
| b |
Организация |
Муниципальное бюджетное учреждение культуры "Централизованная библиотечная система" г. Сургут (Центральная городская библиотека им. А. С. Пушкина) |
| c |
Дата составления |
20170814 |
| g |
Правила каталогизации |
RCR |
| 801 |
Источник записи |
_1 |
| a |
Страна |
ru |
| b |
Организация |
Муниципальное бюджетное учреждение культуры "Централизованная библиотечная система" г. Сургут (Центральная городская библиотека им. А. С. Пушкина) |
| c |
Дата составления |
20170814 |
| g |
Правила каталогизации |
RCR |
| 852 |
Данные о местонахождении |
__ |
| j |
Шифр хранения |
84(4Фра)6-4я04 |
| i |
Авторский знак |
Р 67 |
| 901 |
Тип документа |
__ |
| a |
Ответственный |
КиК/Апакова |
| t |
Тип документа |
0 |
| 903 |
Характеристики (МАРС) |
__ |
| a |
Дата передачи |
20170814 |
| 969 |
Тип издания |
__ |
| a |
Тип издания |
аудиокнига; издание для слепых |
| 990 |
Данные о заказе (DOS) |
__ |
| j |
Количество экземпляров (DOS) |
2 |
| t |
N записи в КСУ для И/У (DOS) |
201708 |